[Event "4ème Open de Salon de Provence"]
[Site "Salon de Provence"]
[Date "2009.04.24"]
[Round "1"]
[White "Parroco, Pierre-Jean"]
[Black "Busson, Benoist"]
[Result "0-1"]
[WhiteElo "1737"]
[BlackElo "1994"]
[PlyCount "48"]

1. e4 e5 2. Nf3 Nc6 3. Bb5 f5 4. Nc3 fxe4 5. Nxe4 Nf6 6. d3 d5 7. Bxc6+ bxc6 8.
Nxf6+ Qxf6 9. h3 Bd6 10. O-O O-O 11. Nh2 Qg6 12. Kh1 e4 13. dxe4 Ba6 14. Re1
Bxh2 15. Kxh2 Rxf2 16. Qg4 Qxg4 17. hxg4 dxe4 18. b3 Rxc2 19. Rxe4 Bf1 20. Ba3
Bxg2 21. Re7 Rf8 22. Rxc7 Be4+ 23. Kg3 Rf3+ 24. Kh4 Rh2+ 0-1

[Event "4ème Open de Salon de Provence"]
[Site "Salon de Provence"]
[Date "2009.04.24"]
[Round "1"]
[White "Jamme, Jean-Pierre"]
[Black "Ayala, Benjamin"]
[Result "1-0"]
[WhiteElo "1980"]
[BlackElo "1600"]
[PlyCount "37"]

1. d4 d5 2. c4 e6 3. Nf3 c5 4. e3 Nf6 5. Nc3 Nc6 6. Bd3 a6 7. cxd5 Nxd5 8. O-O
Ndb4 9. Bb1 c4 10. e4 b5 11. e5 Be7 12. Ne4 Bb7 13. Bg5 Rc8 14. Bxe7 Nxe7 15.
Nd6+ Kf8 16. Nxb7 Qd5 17. Nd6 c3 18. bxc3 Rxc3 19. Be4 1-0

[Event "4ème Open de Salon de Provence"]
[Site "Salon de Provence"]
[Date "2009.04.24"]
[Round "1"]
[White "Andrieu, Philippe"]
[Black "Farjon, Yves"]
[Result "1/2-1/2"]
[WhiteElo "1946"]
[BlackElo "1593"]
[PlyCount "82"]

1. d4 d5 2. e4 c6 3. e5 Bf5 4. Bd3 Bxd3 5. Qxd3 e6 6. Nf3 Nd7 7. O-O Ne7 8.
Nbd2 Nf5 9. c4 dxc4 10. Qxc4 Be7 11. Ne4 O-O 12. Bg5 Bxg5 13. Nexg5 Nb6 14. Qc2
g6 15. Rad1 Nd5 16. Qd2 Kg7 17. Rfe1 Qe7 18. a3 a6 19. Ne4 Qd8 20. Nfg5 Rb8 21.
Nh3 Rh8 22. Nf4 Nfe7 23. Ng5 Nxf4 24. Qxf4 Qf8 25. Qf6+ Kg8 26. Re4 Nd5 27. Qf3
h6 28. Nh3 Qg7 29. Nf4 Nxf4 30. Rxf4 Rd8 31. Rf6 Rd7 32. h4 h5 33. Rd3 Qh6 34.
Qe2 Kg7 35. Rdf3 Rhd8 36. R3f4 Re7 37. Qf3 Rdd7 38. Qd3 Qh8 39. Qc4 Qd8 40. b4
Rd5 41. Re4 Red7 1/2-1/2

[Event "4ème Open de Salon de Provence"]
[Site "Salon de Provence"]
[Date "2009.04.25"]
[Round "1"]
[White "Porte, Jacques"]
[Black "Girard, Jean-Pierre"]
[Result "0-1"]
[WhiteElo "1569"]
[BlackElo "1936"]
[PlyCount "90"]

1. e4 c5 2. Nf3 d6 3. Bc4 e6 4. c3 Nf6 5. d3 Be7 6. Bg5 Nbd7 7. Nbd2 a6 8. h3
b5 9. Bb3 Bb7 10. Qe2 O-O 11. Bc2 Rc8 12. O-O Re8 13. Rad1 Qc7 14. Rfe1 h6 15.
Bh4 Nf8 16. e5 dxe5 17. Nxe5 N8d7 18. Bg3 Nxe5 19. Bxe5 Qc6 20. Ne4 Nd7 21. Bf4
f5 22. Qd2 fxe4 23. dxe4 Nf8 24. f3 Rcd8 25. Qf2 Ng6 26. Be3 c4 27. Qg3 e5 28.
Rf1 Bh4 29. Qg4 Rxd1 30. Rxd1 Rd8 31. Rf1 Be7 32. f4 exf4 33. Bd4 Bc5 34. Bxc5
Qxc5+ 35. Kh2 Qg5 36. Qe6+ Kh7 37. Qb6 Rd2 38. Rf2 Qg3+ 39. Kg1 Qxf2+ 40. Qxf2
Rxf2 41. Kxf2 Ne5 42. Ke2 g5 43. b3 Bc6 44. b4 Kg6 45. Bd1 Bxe4 0-1

[Event "4ème Open de Salon de Provence"]
[Site "Salon de Provence"]
[Date "2009.04.24"]
[Round "1"]
[White "Canonge, Jérôme"]
[Black "Person, Claude"]
[Result "1-0"]
[WhiteElo "1893"]
[BlackElo "1530"]
[PlyCount "82"]

1. d4 e6 2. Nf3 d5 3. Bg5 Be7 4. Bxe7 Nxe7 5. Nbd2 Nbc6 6. c3 O-O 7. e3 f5 8.
Bd3 a6 9. Ne5 b5 10. f4 Qe8 11. g4 Nxe5 12. dxe5 fxg4 13. Qxg4 Nf5 14. Rg1 Qf7
15. Qh3 c5 16. Rg5 c4 17. Bc2 Qa7 18. O-O-O Qxe3 19. Bxf5 Qxh3 20. Bxh3 Rxf4
21. Rdg1 Ra7 22. Rf1 Rh4 23. Rg3 Re7 24. Nf3 Rf4 25. Nd4 Rxf1+ 26. Bxf1 Rf7 27.
Rf3 Re7 28. Bh3 Bd7 29. Kd2 a5 30. a3 Re8 31. Ke3 g5 32. Rf6 Kg7 33. Nxe6+ Kg8
34. Kd4 h5 35. Nxg5 Bg4 36. Bxg4 hxg4 37. Kxd5 Rd8+ 38. Rd6 Rf8 39. Ne4 Kg7 40.
Nf6 Kg6 41. Nd7+ Kf7 1-0

[Event "4ème Open de Salon de Provence"]
[Site "Salon de Provence"]
[Date "2009.04.24"]
[Round "1"]
[White "Bourlet, Eric"]
[Black "Pasquali, Dominique"]
[Result "0-1"]
[WhiteElo "1499"]
[BlackElo "1890"]
[PlyCount "50"]

1. d4 d5 2. Nf3 Nf6 3. e3 Bf5 4. Nbd2 e6 5. Ne5 Nbd7 6. Ndf3 c5 7. Bd3 Ne4 8.
Qe2 c4 9. Nxc4 dxc4 10. Bxc4 Bd6 11. Qd3 Nxf2 12. Kxf2 Bxd3 13. cxd3 Rc8 14. d5
exd5 15. Bxd5 Rc2+ 16. Bd2 Qf6 17. Ke2 Rxb2 18. Rhf1 O-O 19. d4 Bb4 20. Ke1
Rb1+ 21. Ke2 Qa6+ 22. Kf2 Rxf1+ 23. Rxf1 Bxd2 24. Nxd2 Qa5 25. Bxb7 Qxd2+ 0-1

[Event "4ème Open de Salon de Provence"]
[Site "Salon de Provence"]
[Date "2009.04.24"]
[Round "1"]
[White "Cattaneo, Romain"]
[Black "Faure , Alexandre"]
[Result "1-0"]
[WhiteElo "1884"]
[BlackElo "1480"]
[PlyCount "75"]

1. d4 d5 2. c4 c6 3. Nc3 h6 4. Bf4 Nf6 5. e3 Bf5 6. Qb3 Qb6 7. cxd5 cxd5 8.
Nxd5 Nxd5 9. Qxd5 Qb4+ 10. Kd1 Qxb2 11. Rc1 Bd7 12. Bb5 Nc6 13. Qb3 Qxb3+ 14.
axb3 a6 15. Be2 e6 16. Nf3 f6 17. Nd2 Ba3 18. Bh5+ Ke7 19. Ra1 Bb2 20. Rb1 e5
21. d5 Nb4 22. Bg3 Bc3 23. e4 Bxd2 24. Kxd2 Rac8 25. Rhc1 Rxc1 26. Rxc1 Rc8 27.
Be2 Rxc1 28. Kxc1 Kd6 29. Kb2 f5 30. f3 fxe4 31. fxe4 Be8 32. Be1 a5 33. Bxb4+
axb4 34. Kc2 Kc5 35. Kd3 Bb5+ 36. Ke3 Bxe2 37. Kxe2 Kd4 38. d6 1-0

[Event "4ème Open de Salon de Provence"]
[Site "Salon de Provence"]
[Date "2009.04.24"]
[Round "1"]
[White "Ducrocq, Christophe"]
[Black "Lauret, Patrick"]
[Result "0-1"]
[WhiteElo "1399"]
[BlackElo "1803"]
[PlyCount "44"]

1. d4 Nf6 2. Bf4 c5 3. e3 Ne4 4. Bd3 Qa5+ 5. c3 Nf6 6. Nf3 g6 7. O-O Bg7 8.
Nbd2 cxd4 9. exd4 O-O 10. Qb3 d6 11. Nc4 Qc7 12. Rfe1 Be6 13. Ng5 Bd5 14. Qa4
a6 15. Ne3 b5 16. Nxd5 Nxd5 17. Bxd6 Qxd6 18. Qb3 Nd7 19. Be4 e6 20. c4 bxc4
21. Qh3 N7f6 22. Re2 Nf4 0-1

[Event "4ème Open de Salon de Provence"]
[Site "Salon de Provence"]
[Date "2009.04.25"]
[Round "2"]
[White "Busson, Benoist"]
[Black "Canonge, Jérôme"]
[Result "0-1"]
[WhiteElo "1994"]
[BlackElo "1893"]
[PlyCount "102"]
[EventDate "2009.??.??"]

1. e4 d5 2. exd5 Nf6 3. Nf3 Bg4 4. Bb5+ Nbd7 5. h3 Bh5 6. c4 a6 7. Bxd7+ Qxd7
8. Qb3 O-O-O 9. d4 Bxf3 10. Qxf3 e6 11. O-O exd5 12. c5 Ne4 13. Nc3 f5 14. Bf4
g5 15. Be5 Rg8 16. c6 bxc6 17. Qd3 Kb7 18. f3 Nd6 19. Na4 Nc4 20. Bf6 Re8 21.
Rae1 Re6 22. b3 Nb6 23. Be5 f4 24. Nc5+ Bxc5 25. dxc5 Qe7 26. cxb6 Rxe5 27.
Rxe5 Qxe5 28. Rc1 Qe3+ 29. Qxe3 fxe3 30. bxc7 Kxc7 31. Kf1 Re8 32. Ke2 Kd6 33.
Kd3 c5 34. Re1 d4 35. Kc4 Ke5 36. Kxc5 Rc8+ 37. Kb6 Kf4 38. Rd1 Ke5 39. Re1 Rc2
40. Kxa6 Rxa2+ 41. Kb5 Rxg2 42. Kc4 Rc2+ 43. Kd3 Rc3+ 44. Ke2 Rxb3 45. Rg1 Rb2+
46. Kd3 Rd2+ 47. Kc4 Kf4 48. Rg4+ Kxf3 49. Rxg5 d3 50. Kc3 Rd1 51. Rf5+ Ke4 0-1

[Event "4ème Open de Salon de Provence"]
[Site "Salon de Provence"]
[Date "2009.04.25"]
[Round "2"]
[White "Janier, Fabrice"]
[Black "Cattaneo, Romain"]
[Result "1-0"]
[WhiteElo "1984"]
[BlackElo "1884"]
[PlyCount "71"]
[EventDate "2009.??.??"]

1. d4 f5 2. e4 fxe4 3. Nc3 e6 4. Nxe4 Nf6 5. Nxf6+ Qxf6 6. Nf3 Bd6 7. Bd3 Nc6
8. c3 b6 9. Qc2 Bb7 10. Bg5 Qf7 11. Bxh7 Ne7 12. Be4 O-O-O 13. Bxb7+ Kxb7 14.
Qe4+ Kb8 15. a4 a5 16. b4 axb4 17. a5 b5 18. a6 c6 19. c4 bxc4 20. Ne5 Bxe5 21.
Qxe5+ Ka8 22. Qc7 Rb8 23. Qxd7 Rhe8 24. Bxe7 Qxe7 25. Qxc6+ Ka7 26. Qxc4 Rec8
27. Qe2 Qd6 28. O-O Rh8 29. h3 g5 30. Rfe1 Rh6 31. Qe5 Qxe5 32. Rxe5 b3 33. Rb1
Kxa6 34. Re3 e5 35. Ra1+ Kb7 36. Rxb3+ 1-0

[Event "4ème Open de Salon de Provence"]
[Site "Salon de Provence"]
[Date "2009.04.25"]
[Round "2"]
[White "Pasquali, Dominique"]
[Black "Jamme, Jean-Pierre"]
[Result "1/2-1/2"]
[WhiteElo "1890"]
[BlackElo "1980"]
[PlyCount "47"]
[EventDate "2009.??.??"]

1. d4 e6 2. Nf3 f5 3. c4 d6 4. Nc3 Nf6 5. Qc2 d5 6. Bf4 c6 7. Ne5 Bb4 8. a3 Ba5
9. b4 Bc7 10. e3 Nh5 11. Rc1 Nxf4 12. exf4 O-O 13. cxd5 exd5 14. Bd3 Bb6 15.
Ne2 Be6 16. O-O Qh4 17. Nf3 Qf6 18. Ne5 g5 19. fxg5 Qxg5 20. f4 Qh5 21. Rf3 Nd7
22. Rg3+ Kh8 23. Ng6+ Kg7 24. Rh3 1/2-1/2

[Event "4ème Open de Salon de Provence"]
[Site "Salon de Provence"]
[Date "2009.04.25"]
[Round "2"]
[White "Girard, Jean-Pierre"]
[Black "Sanchez, Frédéric"]
[Result "1-0"]
[WhiteElo "1944"]
[BlackElo "1300"]
[PlyCount "57"]
[EventDate "2009.??.??"]

1. e4 d5 2. exd5 Qxd5 3. d4 c6 4. Nf3 Nf6 5. Be2 Bf5 6. O-O Qa5 7. c4 e6 8. Nc3
Nbd7 9. Bf4 Nh5 10. Be3 Qc7 11. d5 Be7 12. Nd4 Nhf6 13. Nxf5 exf5 14. Qd3 Bd6
15. h3 g6 16. Bh6 Bh2+ 17. Kh1 Bf4 18. Bg7 Rg8 19. Bxf6 Nxf6 20. Bf3 O-O-O 21.
Qd4 Be5 22. Qxa7 c5 23. Nb5 Qe7 24. Rfd1 Bb8 25. Qa8 Qe5 26. d6 Ne4 27. Kg1 Rd7
28. Na7+ Kd8 29. Qxb8# 1-0

[Event "4ème Open de Salon de Provence"]
[Site "Salon de Provence"]
[Date "2009.04.25"]
[Round "2"]
[White "Lauret, Patrick"]
[Black "Andrieu, Philippe"]
[Result "0-1"]
[WhiteElo "1803"]
[BlackElo "1946"]
[PlyCount "56"]
[EventDate "2009.??.??"]

1. e4 d5 2. exd5 Nf6 3. d4 Nxd5 4. c4 Nf6 5. Nf3 c5 6. d5 g6 7. h3 Bg7 8. Bd3
O-O 9. O-O Re8 10. Be3 b6 11. Nc3 Bb7 12. Bf4 Nh5 13. Bh2 Bxc3 14. bxc3 Nd7 15.
Qd2 e6 16. Qh6 exd5 17. Ng5 Nf8 18. Rfe1 Qf6 19. Red1 d4 20. cxd4 cxd4 21. Rac1
Rac8 22. c5 Rxc5 23. Bc4 Rxg5 24. Bxf7+ Kh8 25. f3 Rxg2+ 26. Kh1 Rxh2+ 27. Kxh2
Qe5+ 28. Kg1 Qg3+ 0-1

[Event "4ème Open de Salon de Provence"]
[Site "Salon de Provence"]
[Date "2009.04.25"]
[Round "2"]
[White "Farjon, Yves"]
[Black "Parroco, Pierre-Jean"]
[Result "1-0"]
[WhiteElo "1592"]
[BlackElo "1737"]
[PlyCount "81"]
[EventDate "2009.??.??"]

1. e4 e5 2. Nf3 Nc6 3. Bb5 a6 4. Ba4 Nf6 5. O-O Be7 6. d3 b5 7. Bb3 d6 8. c3
Na5 9. Bc2 c5 10. Nbd2 Nc6 11. Re1 O-O 12. Nf1 Re8 13. a3 Bf8 14. Bg5 g6 15.
Ne3 Bg7 16. Nd5 Be6 17. Nxf6+ Bxf6 18. Bxf6 Qxf6 19. h3 Rad8 20. Re3 d5 21.
exd5 Bxd5 22. Qe2 Qg7 23. Nd2 f6 24. Bb3 Qf7 25. Bxd5 Qxd5 26. Ne4 Kg7 27. c4
bxc4 28. dxc4 Qf7 29. Rd1 Nd4 30. Qf1 Qc7 31. Red3 Re6 32. R1d2 f5 33. Nc3 e4
34. Nd5 Qd6 35. Rc3 f4 36. Qd1 Rde8 37. b4 f3 38. bxc5 Qxc5 39. Rxd4 fxg2 40.
Ne3 Rb8 41. Rd5 1-0

[Event "4ème Open de Salon de Provence"]
[Site "Salon de Provence"]
[Date "2009.04.25"]
[Round "2"]
[White "Ayala, Benjamin"]
[Black "Bourlet, Eric"]
[Result "1-0"]
[WhiteElo "1600"]
[BlackElo "1499"]
[PlyCount "37"]
[EventDate "2009.??.??"]

1. e4 e5 2. Nf3 d5 3. exd5 Bg4 4. h3 Bh5 5. g4 Bg6 6. d3 Ne7 7. c4 Nd7 8. Nc3
c6 9. Qe2 f6 10. dxc6 Nxc6 11. Nh4 Bf7 12. Ne4 Bb4+ 13. Bd2 Qa5 14. Nd6+ Kf8
15. a3 Nc5 16. Rd1 Rd8 17. Nhf5 g6 18. axb4 Nxb4 19. Bh6+ 1-0

[Event "4ème Open de Salon de Provence"]
[Site "Salon de Provence"]
[Date "2009.04.25"]
[Round "2"]
[White "Person, Claude"]
[Black "Lepeigneux, Jean-Jacques"]
[Result "0-1"]
[WhiteElo "1530"]
[BlackElo "1600"]
[PlyCount "85"]
[EventDate "2009.??.??"]

1. e4 c5 2. Nc3 e6 3. d3 Nc6 4. Nf3 g6 5. e5 a6 6. a3 Bg7 7. Bg5 Qc7 8. Bf4
Nxe5 9. Bg3 Nxf3+ 10. Qxf3 Qa5 11. Kd2 d5 12. Kc1 Bxc3 13. bxc3 Qxc3 14. Kb1
Ne7 15. Qe2 Nf5 16. Be5 Nd4 17. Bxd4 Qxd4 18. Qd2 O-O 19. c3 Qa4 20. Be2 Bd7
21. h4 e5 22. f3 Qf4 23. Qe1 Rfe8 24. g3 Qf5 25. g4 Qf4 26. g5 e4 27. fxe4 dxe4
28. Rf1 Qe5 29. d4 cxd4 30. Bc4 Be6 31. Bxe6 Rxe6 32. Qf2 Rb6+ 33. Kc1 Qd5 34.
Rb1 Rxb1+ 35. Kxb1 Qb3+ 36. Qb2 Qxb2+ 37. Kxb2 d3 38. Rd1 Rd8 39. Rh1 d2 40.
Kc2 e3 41. Kd1 Rd3 42. Ke2 Rxc3 43. Rh3 0-1

[Event "4ème Open de Salon de Provence"]
[Site "Salon de Provence"]
[Date "2009.04.25"]
[Round "2"]
[White "Faure, Alexandre"]
[Black "Porte, Jacques"]
[Result "1-0"]
[WhiteElo "1480"]
[BlackElo "1580"]
[PlyCount "51"]
[EventDate "2009.??.??"]

1. e4 c5 2. c3 e6 3. d4 cxd4 4. cxd4 Bb4+ 5. Bd2 Qb6 6. Bxb4 Qxb4+ 7. Qd2 Qxd2+
8. Nxd2 Nc6 9. Ngf3 Nge7 10. a3 O-O 11. Bd3 d5 12. exd5 Nxd5 13. O-O Nf4 14.
Bb5 Nd5 15. Bxc6 bxc6 16. Ne5 Ne7 17. Rac1 Rb8 18. b4 Rd8 19. Nb3 Rd6 20. Na5
Rb6 21. Nac4 Ba6 22. Nxd6 Bxf1 23. Kxf1 f6 24. Nec4 Ra6 25. Nb7 Nc8 26. Nc5 1-0

[Event "4ème Open de Salon de Provence"]
[Site "Salon de Provence"]
[Date "2009.04.25"]
[Round "3.1"]
[White "Canonge, Jerome"]
[Black "Janier, Fabrice"]
[Result "1/2-1/2"]
[WhiteElo "1893"]
[BlackElo "1984"]
[PlyCount "68"]
[EventDate "2009.??.??"]

1. d4 Nf6 2. Bg5 c5 3. Bxf6 gxf6 4. d5 Qb6 5. Qc1 Bg7 6. Nd2 d6 7. c3 Nd7 8. e4
Bh6 9. g3 f5 10. f4 fxe4 11. Nxe4 Ne5 12. Qc2 Ng4 13. Bd3 c4 14. Bxc4 Ne3 15.
Qe2 Nxc4 16. Qxc4 Qxb2 17. Rd1 Bf5 18. Ne2 O-O 19. O-O Qb6+ 20. Nf2 Rfc8 21.
Qb4 Bg7 22. g4 Qxb4 23. cxb4 Bd7 24. Rd2 Rc4 25. a3 Rac8 26. Re1 Rc2 27. Red1
R8c4 28. Kf1 Bb5 29. Ke1 Rc8 30. Rb1 Ba4 31. Nd1 Rxd2 32. Kxd2 Bd7 33. Ne3 e6
34. h3 Bb5 1/2-1/2

[Event "4ème Open de Salon de Provence"]
[Site "Salon de Provence"]
[Date "2009.04.25"]
[Round "3.2"]
[White "Jamme, Jean-Pierre"]
[Black "Girard, Jean-Pierre"]
[Result "0-1"]
[WhiteElo "1980"]
[BlackElo "1944"]
[PlyCount "70"]
[EventDate "2009.??.??"]

1. d4 Nf6 2. c4 e6 3. Bg5 h6 4. Bxf6 Qxf6 5. Nf3 c5 6. e3 cxd4 7. exd4 d6 8.
Nc3 Nd7 9. Bd3 Qd8 10. Qe2 Be7 11. O-O Nf6 12. Rac1 Bd7 13. Ne4 b6 14. d5 e5
15. Nfd2 O-O 16. Nxf6+ Bxf6 17. Qe4 g6 18. f4 Bf5 19. Qf3 Bxd3 20. Qxd3 exf4
21. Rxf4 Bg5 22. Re4 Qf6 23. b3 Qb2 24. Rc2 Qa1+ 25. Nf1 Rae8 26. g3 Bf6 27.
Rce2 Re5 28. Rxe5 Bxe5 29. Kg2 Kg7 30. Ne3 f5 31. a4 f4 32. gxf4 Rxf4 33. Nd1
Rd4 34. Qh3 Rxd1 35. Qd7+ Kh8 0-1

[Event "4ème Open de Salon de Provence"]
[Site "Salon de Provence"]
[Date "2009.04.25"]
[Round "3.3"]
[White "Andrieu, Philippe"]
[Black "Pasquali, Dominique"]
[Result "1-0"]
[WhiteElo "1946"]
[BlackElo "1890"]
[PlyCount "52"]
[EventDate "2009.??.??"]

1. d4 d5 2. Bf4 Nf6 3. e3 Nbd7 4. Nd2 c5 5. c3 e6 6. Bd3 c4 7. Bc2 b5 8. Ngf3
Bb7 9. O-O Be7 10. Re1 Ne4 11. Nxe4 dxe4 12. Nd2 f5 13. f3 exf3 14. Nxf3 Nf6
15. Be5 O-O 16. Bxf6 Rxf6 17. e4 f4 18. Ne5 Qe8 19. Ng4 Rf8 20. Qe2 Rd8 21. b3
cxb3 22. Bxb3 Qc6 23. Qf3 Bh4 24. Ne5 Qd6 25. Qh3 Bxe1 26. Bxe6+ Kh8 1-0

[Event "4ème Open de Salon de Provence"]
[Site "Salon de Provence"]
[Date "2009.04.25"]
[Round "3.4"]
[White "Busson, Benoist"]
[Black "Farjon, Yves"]
[Result "1-0"]
[WhiteElo "1994"]
[BlackElo "1592"]
[PlyCount "83"]
[EventDate "2009.??.??"]

1. e4 c6 2. d4 d5 3. f3 dxe4 4. fxe4 Nf6 5. Nc3 Bg4 6. Nf3 e6 7. Be2 Be7 8. O-O
O-O 9. Be3 Nbd7 10. Qe1 Nb6 11. Bd3 Bh5 12. h3 Bg6 13. Ne5 Nfd7 14. Nxg6 hxg6
15. Qg3 c5 16. dxc5 Bxc5 17. Rad1 Bxe3+ 18. Qxe3 Qc7 19. Nb5 Qc5 20. Qxc5 Nxc5
21. Nd6 Rad8 22. b4 Nxd3 23. Rxd3 Rd7 24. Rfd1 Rc7 25. c4 a6 26. c5 Nd7 27. Nb5
axb5 28. Rxd7 Rfc8 29. R7d6 Rc6 30. Rd8+ Kh7 31. Rxc8 Rxc8 32. Rd7 b6 33. cxb6
Rb8 34. b7 f6 35. Kf2 g5 36. Ke3 e5 37. Kf3 Kh6 38. Kg4 Kg6 39. a3 Kh6 40. Kf5
Rf8 41. Ke6 g6 42. Ke7 1-0

[Event "4ème Open de Salon de Provence"]
[Site "Salon de Provence"]
[Date "2009.04.25"]
[Round "3.5"]
[White "Cattaneo, Romain"]
[Black "Ducrocq, Christophe"]
[Result "1-0"]
[WhiteElo "1884"]
[BlackElo "1399"]
[PlyCount "69"]
[EventDate "2009.??.??"]

1. b4 e5 2. a3 d5 3. Bb2 Bd6 4. Nf3 Nd7 5. e3 Ngf6 6. c4 b6 7. cxd5 Bb7 8. Bb5
Bxd5 9. Bxe5 Bxf3 10. Bxf6 Bxd1 11. Bxd8 Rxd8 12. Kxd1 O-O 13. Nc3 Nf6 14. Rc1
c5 15. bxc5 Bxc5 16. a4 Bb4 17. Ke2 Bxc3 18. Rxc3 Ne4 19. Rc2 a5 20. d3 Nd6 21.
Rc6 Nxb5 22. axb5 Rb8 23. d4 Rfc8 24. Rhc1 Rxc6 25. Rxc6 Kf8 26. Kd3 Ke8 27. d5
Kd7 28. e4 a4 29. Kc3 Rc8 30. Rxc8 Kxc8 31. e5 Kc7 32. f4 f6 33. Kb4 fxe5 34.
fxe5 Kd7 35. Kxa4 1-0

[Event "4ème Open de Salon de Provence"]
[Site "Salon de Provence"]
[Date "2009.04.25"]
[Round "3.6"]
[White "Lepeigneux, Jean-Jacques"]
[Black "Lauret, Patrick"]
[Result "0-1"]
[WhiteElo "1600"]
[BlackElo "1803"]
[PlyCount "55"]
[EventDate "2009.??.??"]

1. e4 c5 2. Nf3 Nc6 3. d4 cxd4 4. Nxd4 g6 5. Bc4 Bg7 6. Be3 Nf6 7. Nc3 Qa5 8.
O-O O-O 9. Nxc6 bxc6 10. Bd2 Qc7 11. Re1 d6 12. Qf3 Ng4 13. h3 Ne5 14. Qe2 Nxc4
15. Qxc4 Be6 16. Qe2 Rab8 17. b3 d5 18. exd5 cxd5 19. Qf3 d4 20. Bf4 Qxc3 21.
Qxc3 dxc3 22. Bxb8 Rxb8 23. Rad1 Bf6 24. g4 Rb4 25. Rd8+ Kg7 26. Ra8 Rf4 27.
Re2 Bd4 28. Kg2 0-1

[Event "4ème Open de Salon de Provence"]
[Site "Salon de Provence"]
[Date "2009.04.25"]
[Round "3.7"]
[White "Sanchez, Frederic"]
[Black "Ayala, Benjamin"]
[Result "0-1"]
[WhiteElo "1300"]
[BlackElo "1600"]
[PlyCount "66"]
[EventDate "2009.??.??"]

1. d4 d5 2. Bf4 Bf5 3. e3 Nf6 4. h3 Nc6 5. c3 e6 6. Nf3 Bd6 7. Ne5 Bxe5 8. dxe5
Ne4 9. Nd2 Nc5 10. Bh2 Nd3+ 11. Bxd3 Bxd3 12. Nb3 Bc4 13. Nd4 Nxd4 14. exd4 Qh4
15. Qf3 O-O 16. Bg3 Qg5 17. Bf4 Qg6 18. b3 Bd3 19. Rd1 Be4 20. Qg3 Qxg3 21.
Bxg3 Bxg2 22. Rh2 Be4 23. Kd2 Rac8 24. b4 b6 25. Rf1 c5 26. bxc5 bxc5 27. f3
Bf5 28. Bf2 cxd4 29. Bxd4 Rb8 30. Kc1 Rb1+ 31. Kd2 Rxf1 32. Bxa7 Ra8 33. Bd4
Rxa2+ 0-1

[Event "4ème Open de Salon de Provence"]
[Site "Salon de Provence"]
[Date "2009.04.25"]
[Round "3.8"]
[White "Bourlet, Eric"]
[Black "Faure, Alexandre"]
[Result "0-1"]
[WhiteElo "1499"]
[BlackElo "1480"]
[PlyCount "70"]
[EventDate "2009.??.??"]

1. d4 d5 2. Nf3 Bf5 3. Bg5 h6 4. Bh4 Qd6 5. Nbd2 e6 6. e3 a6 7. Be2 c5 8. c3
Nc6 9. Qa4 Be7 10. Bg3 Qd7 11. O-O Nf6 12. Nh4 Bh7 13. Rac1 O-O 14. b4 Nxd4 15.
Qd1 Nxe2+ 16. Qxe2 cxb4 17. c4 dxc4 18. Rxc4 Bd3 19. Qf3 Bxc4 20. Nxc4 Qc6 21.
Ne5 Qxf3 22. gxf3 a5 23. Rd1 Rfd8 24. Ra1 a4 25. Rb1 Rd2 26. Ra1 Rad8 27. Kf1
Rd1+ 28. Rxd1 Rxd1+ 29. Ke2 Ra1 30. Nc4 Rxa2+ 31. Kd1 b3 32. Kc1 Rc2+ 33. Kb1
Rxc4 34. Be5 Ba3 35. Ng2 Rc1# 0-1

[Event "4ème Open de Salon de Provence"]
[Site "Salon de Provence"]
[Date "2009.04.25"]
[Round "3.9"]
[White "Parroco, Pierre-Jean"]
[Black "Person, Claude"]
[Result "1-0"]
[WhiteElo "1737"]
[BlackElo "1530"]
[PlyCount "65"]
[EventDate "2009.??.??"]

1. e4 d6 2. d4 d5 3. exd5 Qxd5 4. c4 Qd8 5. Nc3 c6 6. Nf3 Bg4 7. Be3 Nd7 8. Be2
Ngf6 9. O-O e6 10. h3 Bf5 11. g4 Bg6 12. Bd3 Bxd3 13. Qxd3 Be7 14. Rad1 Qc7 15.
d5 e5 16. d6 Qc8 17. dxe7 h5 18. g5 Ng4 19. hxg4 hxg4 20. Nh2 Rh3 21. Nxg4 Nc5
22. Qd8+ Qxd8 23. exd8=Q+ Rxd8 24. Rxd8+ Kxd8 25. Bxc5 b6 26. Be3 f5 27. gxf6
gxf6 28. Nxf6 Rf3 29. Nce4 Ke7 30. Rd1 Rh3 31. Rd7+ Kf8 32. Ng5 Rh7 33. Ngxh7#
1-0

[Event "4ème Open de Salon de Provence"]
[Site "Salon de Provence"]
[Date "2009.04.26"]
[Round "4.1"]
[White "Girard, Jean-Pierre"]
[Black "Canonge, Jerome"]
[Result "0-1"]
[WhiteElo "1944"]
[BlackElo "1893"]
[PlyCount "50"]
[EventDate "2009.??.??"]

1. e4 d5 2. exd5 Nf6 3. d4 Bg4 4. Nf3 Qxd5 5. Be2 Nc6 6. O-O O-O-O 7. c4 Qd6 8.
Be3 Bxf3 9. Bxf3 Nxd4 10. Nc3 e5 11. b4 c6 12. b5 c5 13. a4 Qe6 14. Bd5 Nxd5
15. Nxd5 Nf5 16. a5 Bd6 17. Qb3 Nd4 18. Bxd4 cxd4 19. a6 b6 20. Rfe1 f5 21. Nb4
Bxb4 22. Qxb4 Rhe8 23. c5 Kb8 24. Rxe5 Qxe5 25. cxb6 axb6 0-1

[Event "4ème Open de Salon de Provence"]
[Site "Salon de Provence"]
[Date "2009.04.26"]
[Round "4.2"]
[White "Janier, Fabrice"]
[Black "Andrieu, Philippe"]
[Result "1-0"]
[WhiteElo "1984"]
[BlackElo "1946"]
[PlyCount "87"]
[EventDate "2009.??.??"]

1. d4 d5 2. c4 dxc4 3. Nf3 Bf5 4. Nc3 Nf6 5. e3 e6 6. Bxc4 Bd6 7. Qe2 Ne4 8.
Bd3 Nxc3 9. bxc3 Bg6 10. e4 Nc6 11. Rb1 Rb8 12. O-O O-O 13. e5 Bxd3 14. Qxd3
Be7 15. Bf4 g5 16. Bg3 Kh8 17. Nd2 Rg8 18. Ne4 Rg6 19. f4 gxf4 20. Bxf4 Qd5 21.
Bg3 b6 22. Rxf7 Rbg8 23. Rbf1 R8g7 24. Rf8+ Rg8 25. Rxg8+ Kxg8 26. Qf3 Kh8 27.
Nf6 Qxf3 28. Rxf3 Nd8 29. Bf4 c5 30. Ne4 cxd4 31. cxd4 Nc6 32. Be3 Rg4 33. Nf6
Rg6 34. h3 Nb4 35. Rf2 Rg3 36. Bh6 Ra3 37. Ne4 Rxa2 38. Rf7 Nd5 39. Nf6 Ra1+
40. Kh2 Nxf6 41. Rxe7 Ng4+ 42. hxg4 Kg8 43. Rg7+ Kh8 44. Rf7 1-0

[Event "4ème Open de Salon de Provence"]
[Site "Salon de Provence"]
[Date "2009.04.26"]
[Round "4.3"]
[White "Faure, Alexandre"]
[Black "Busson, Benoist"]
[Result "0-1"]
[WhiteElo "1480"]
[BlackElo "1994"]
[PlyCount "80"]
[EventDate "2009.??.??"]

1. e4 e5 2. Nf3 Nc6 3. Bc4 Nf6 4. d3 Be7 5. a3 h6 6. Nc3 d6 7. h3 a6 8. d4 Nxe4
9. Nxe4 d5 10. Nxe5 Nxe5 11. dxe5 dxc4 12. Qxd8+ Bxd8 13. O-O O-O 14. f4 Bf5
15. Re1 Bh4 16. Re2 Rad8 17. Bd2 Bxe4 18. Bb4 Bd5 19. Bxf8 Kxf8 20. f5 Bg3 21.
Rf1 Re8 22. e6 fxe6 23. fxe6+ Kg8 24. e7 Bh4 25. Rd1 c6 26. Rf1 Rxe7 27. Rxe7
Bxe7 28. c3 a5 29. Kh2 b5 30. Ra1 Bf6 31. Rc1 b4 32. axb4 axb4 33. Kg1 Kf7 34.
Kf2 Ke6 35. Rc2 c5 36. g3 Be4 37. Rc1 Bd3 38. h4 Kf5 39. Ke3 Kg4 40. Kf2 Be5
0-1

[Event "4ème Open de Salon de Provence"]
[Site "Salon de Provence"]
[Date "2009.04.26"]
[Round "4.4"]
[White "Lauret, Patrick"]
[Black "Cattaneo, Romain"]
[Result "1-0"]
[WhiteElo "1803"]
[BlackElo "1884"]
[PlyCount "53"]
[EventDate "2009.??.??"]

1. e4 c5 2. c3 d5 3. exd5 Qxd5 4. d4 cxd4 5. cxd4 Nc6 6. Nf3 Bg4 7. Nc3 Qd8 8.
d5 Bxf3 9. Qxf3 Ne5 10. Bb5+ Nd7 11. O-O Ngf6 12. Bg5 a6 13. Ba4 b5 14. Bb3 h6
15. Bd2 g6 16. Rfe1 Bg7 17. d6 e6 18. Bxe6 fxe6 19. Rxe6+ Kf8 20. Rae1 Kg8 21.
Nd5 Nxd5 22. Qxd5 Kh7 23. Qe4 Nf6 24. Qh4 Re8 25. Re7 Rxe7 26. Rxe7 Qxd6 27.
Qxh6+ 1-0